Z jakiej piosenki pochodzi ten kadr teledysku pt.2 - Statystyki

Ogólne statystyki
  • Ten quiz został rozwiązany 20 razy
  • Średni wynik to 4 z 16
Statystyki odpowiedzi
Obrazkowy Odpowiedź % Poprawnych
Janosik
80%
Opowieści z Doliny Smoków
53%
ULALA
53%
Kosmita
47%
SQNHEAD
27%
TRAPISZON
27%
UA
27%
Mogę dziś umierać
20%
A nie pamiętasz jak?
13%
Bandyta
13%
Bourbon
13%
EBE EBE
13%
Kryptowaluty
13%
mam na twarzy krew i tym razem nie jest sztuczna
13%
WIFI
13%
PRZEKRĘT
7%
Nie znaleziono quizów pasujących do podanych kryteriów
Rozkład punktacji
Procent ludzi z każdym wynikiem
Percentyl według liczby udzielonych odpowiedzi
Twoja historia wyników
Nie rozwiązałeś tego quizu